000
00217 a2200097 4500
001
45225
100
_a
Toms C.F
245
_a
Introduction to aeronautics
260
_a
London
_b
Chapman Hall
_c
090
_c
28415
_d
28415
942
_a
NUST-CAE
_c
M
_c
20464
999
_c
280298
_d
280298